000 00490nam a2200193 a 4500
001 1764765077580
003 ACL
005 20251203180424.0
008 251203s1997##################000#0#eng##
020 _a9780415139182
082 0 4 _a628.503
_bROU
100 1 _aRoutledge,
_eauthor.
245 1 0 _aDictionnaire Anglais Du Génie de L'environnement :
260 _bPsychology Press,
_c1997.
300 _a292 pages
650 0 _aHistory.
942 _cENGLISH
040 _aACL
_beng
_cACL
999 _c599845
_d599845